Statistics for Biggest Cities in Israel and Palestine

Click here to take the quiz!

General Stats

  • This quiz has been taken 105 times
  • The average score is 7 of 15

Answer Stats

PopulationCity% Correct
1,182,465Jerusalem
98%
443,939Tel Aviv
96%
281,087Haifa
91%
631,215Gaza
78%
207,551Beersheba
60%
201,063Hebron
55%
222,883Ashdod
35%
214,101Netanya
30%
249,860Rishon LeZion
28%
240,357Petah Tikva
24%
246,307Khan Yunis
21%
192,624Holon
18%
208,449Rafah
16%
193,774Bnei Brak
16%
222,166Jabalia
8%

Score Distribution

Percentile by Number Answered

Percent of People with Each Score

Your Score History

You have not taken this quiz